=LDR 00000nam 2200000 4500 =001 INLIS000000000014782 =005 20130612110047 =008 ***********************************Ind** =035 ##$$0010-061300000014782 =041 ##$$a Ind =082 ##$$a F 813 =090 ##$$a F 813, Pan l =100 ##$$a Pangemanan, Johannes J =245 ##$$a Liku cinta, tarakan-brisbane, Johannes J. Pangemanan ...( s.l. ) =260 ##$$a 1992 $b Jakarta =300 ##$$a iv, 164 hlm, 23, 5 cm =650 ##$$a Fiksi Indonesia =850 ##$$a NBPNMAT